000 01691cam a2200349 i 4500
999 _c1497
_d1497
001 19338188
003 OSt
005 20221230162015.0
008 161017s2018 mnuab j b 001 0 eng
010 _a 2016047641
020 _a9781632355287 (pbk. : alk. paper)
040 _aDLC
_beng
_cDLC
_erda
_dDLC
_dKH8
042 _apcc
043 _ae-gr---
082 0 0 _a938 YAS
_223
100 1 _aYasuda, Anita,
_eauthor.
245 1 0 _aExploring ancient Greece /
_cby Anita Yasuda.
264 1 _aMankato, MN :
_b12 Story Library,
_c[2018]
300 _a32 pages :
_billustrations, map ;
_c24 cm.
336 _atext
_btxt
_2rdacontent
337 _aunmediated
_bn
_2rdamedia
338 _avolume
_bnc
_2rdacarrier
490 0 _aExploring ancient civilizations
504 _aIncludes bibliographical references (page 31) and index.
505 0 _aThe Minoan and Mycenaeans influenced ancient Greece -- The greeks created cities and colonies -- Sparta was powerful -- City-states held regular festivals -- Myths explained the world -- Athenians built the Parthenon -- Democracy began in Greece -- The Greeks loved to watch plays -- Greek philosophers figured things out -- Ancient greeks advanced science -- Wars divided Greece -- Ancient Greece changed the world.
521 0 _aGrade 4 to 6.
651 0 _aGreece
_xCivilization
_yTo 146 B.C.
_vJuvenile literature.
776 0 8 _iOnline version:
_aYasuda, Anita, author.
_tExploring ancient Greece
_dMankato, MN : 12 Story Library, 2018
_z9781621435808
_w(DLC) 2016048017
906 _a7
_bcbc
_corignew
_d1
_eecip
_f20
_gy-gencatlg
942 _2ddc
_cNFIC